BIBLIOTECA PODER JUDICIAL
Portal Judicial TDF

El derecho a la identidad en la ley 27.611 : (Registro nro. 6264)

000 -LEADER
fixed length control field 01043nab a22002057a 4500
003 - CONTROL NUMBER IDENTIFIER
control field OSt
005 - DATE AND TIME OF LATEST TRANSACTION
control field 20260128015654.0
008 - FIXED-LENGTH DATA ELEMENTS--GENERAL INFORMATION
fixed length control field 190514b xxu||||| |||| 00| 0 spa d
040 ## - CATALOGING SOURCE
Transcribing agency PJ
100 ## - MAIN ENTRY--PERSONAL NAME
9 (RLIN) 6972
Personal name Carrillo Herrera, Gonzalo M.
245 13 - TITLE STATEMENT
Title El derecho a la identidad en la ley 27.611 :
Remainder of title un buen objetivo, un mal resultado /
Statement of responsibility, etc Gonzalo M. Carrillo Herrera.
300 ## - PHYSICAL DESCRIPTION
Extent p. 158-169
500 ## - GENERAL NOTE
General note Cita: TR LALEY AR/DOC/2501/2025.
505 ## - FORMATTED CONTENTS NOTE
Formatted contents note Sumario: I. Introducción.— II. Derecho a la identidad en la ley nacional 27.611.— III. Las consecuencias de la aplicación de la inscripción tardía administrativa.— IV. El procedimiento de la inscripción tardía de nacimiento administrativa.— V. Conclusiones.
505 ## - FORMATTED CONTENTS NOTE
Title Si te interesa el texto, comunicate a koha@justierradelfuego.gov.ar
650 #0 - SUBJECT ADDED ENTRY--TOPICAL TERM
9 (RLIN) 967
Topical term or geographic name as entry element DERECHO DE FAMILIA
650 #0 - SUBJECT ADDED ENTRY--TOPICAL TERM
9 (RLIN) 4305
Topical term or geographic name as entry element DERECHO A LA IDENTIDAD DE GÉNERO
773 0# - HOST ITEM ENTRY
Host Biblionumber 2844
Host Itemnumber 3222
Place, publisher, and date of publication Buenos Aires : AbeledoPerrot, 1989-
Title Derecho de familia. N° 122 - Noviembre 2025
International Standard Book Number 18511201
942 ## - ADDED ENTRY ELEMENTS (KOHA)
Source of classification or shelving scheme
Koha item type Analítica Artículo de Revista

No hay ítems disponibles.

12 de Octubre 789 Ushuaia - Tel:  54(02901)441571
Horario de Atención: 8.00 a 17.00 hs. 
bibliotecaush@justierradelfuego.gov.ar
koha@justierradelfuego.gov.ar
Seguinos en nuestras redes @bibliojustdf 

Con tecnología Koha